What REITS mean for you? (Record no. 78150)

MARC details
000 -LEADER
fixed length control field 00900cab a2200193 4500
001 - CONTROL NUMBER
control field ##L136139
008 - FIXED-LENGTH DATA ELEMENTS--GENERAL INFORMATION
fixed length control field 070115n2007 000 0 eng u
035 ## - SYSTEM CONTROL NUMBER
System control number (Sirsi) u136139
041 0# - LANGUAGE CODE
Language code of text/sound track or separate title eng
100 1# - MAIN ENTRY--PERSONAL NAME
Personal name Jones, Matthew
245 00 - TITLE STATEMENT
Title What REITS mean for you?
260 ## - PUBLICATION, DISTRIBUTION, ETC.
Date of publication, distribution, etc. 2007
490 #0 - SERIES STATEMENT
Series statement Building
Volume/sequential designation 272(8462) 12 January 2007, 50-51(2)
520 ## - SUMMARY, ETC.
Summary, etc. Looks at the impact of REITS in the property development arena and highlights what firms need to know about them. Considers how REITS will affect schemes already on the books, how REITS will develop, what checks should be done if a REIT is the developer and what to do if a dispute arises with a REIT. Also queries whether to give the purchaser collateral warranties or third-party rights.
590 ## - LOCAL NOTE (RLIN)
Local note KA
651 #4 - SUBJECT ADDED ENTRY--GEOGRAPHIC NAME
Geographic name United Kingdom
Chronological subdivision
690 ## - LOCAL SUBJECT ADDED ENTRY--TOPICAL TERM (OCLC, RLIN)
Topical term or geographic name as entry element PROPERTY-PROPERTY FINANCE AND INVESTMENT-REAL ESTATE INVESTMENT TRUSTS
942 ## - ADDED ENTRY ELEMENTS (KOHA)
Suppress in OPAC 0
Holdings
Withdrawn status Lost status Source of classification or shelving scheme Damaged status Not for loan Home library Current library Shelving location Date acquired Total Checkouts Full call number Barcode Date last seen Copy number Price effective from Koha item type
    Dewey Decimal Classification     London London Journal article 15/01/2007   L136139 136139-1001 06/08/2019 1 06/08/2019 Journal article